000 00687nam a2200241Ia 4500
003 OSt
005 20220918190539.0
006 a|||||r|||| 00| 0
007 ta
008 220917b |||||||| |||| 00| 0 eng d
024 _a57,522
037 _cTextual
040 _aARTS
_cARTS
_beng
041 _2eng
_aeng
082 _aQ1, M2 (P15)
100 _aMacdonald K S
_973036
245 0 _aVedic religion or the creed and practice of the Indo-Aryans three thousand years ago
260 _aCalcutta
_bSanskrit Pustak Bhandar
_c1982
300 _aiv,180p.
_ccm.
650 _aRELIGION
942 _hQ1, M2 (P15)
_cTEXL
_2CC
999 _c185718
_d185718